| 000 | 01032cam a22002891 4500 | ||
|---|---|---|---|
| 001 | gs 07000161 | ||
| 003 | DLC | ||
| 005 | 20260227111305.0 | ||
| 008 | 790305s1906 dcu d f000 0 eng c | ||
| 010 | _ags 07000161 | ||
| 035 | _a(OCoLC)4712386 | ||
| 040 |
_aU.S. Geol. Survey. Libr. _cICharE _dOCoLC _dDLC |
||
| 043 | _an-us-ak | ||
| 050 | 0 | 0 |
_aQE75 _b.B9 no. 299 |
| 051 |
_aF902 _b.B17 |
||
| 051 |
_aF902 _b.B17a _cPreservation photocopy. ([North Manchester, IN : HF Group, 2012]. 26 cm.) |
||
| 100 | 1 |
_aBaker, Marcus, _d1849-1903. |
|
| 245 | 1 | 0 |
_aGeographic dictionary of Alaska, _cby Marcus Baker. |
| 250 |
_a2d ed. _bPrepared by James McCormick. |
||
| 260 |
_aWashington, _bGovt. Print. Off., _c1906. |
||
| 300 |
_a690, ii p. _c24 cm. |
||
| 490 | 0 |
_aUnited States. Geological survey. Bulletin _vno. 299 |
|
| 500 | _aSubject series: F, Geography, 52. | ||
| 500 | _aIssued also as House doc. no. 938, 59th Cong., 1st sess. | ||
| 500 | _aFirst ed. published in 1902 as Bulletin no. 187. | ||
| 651 | 0 |
_aAlaska _xGazetteers. |
|
| 999 |
_c24558 _d24558 |
||